000 00502nam a2200169 4500
001 121484
003 ES-MaACL
005 20230906191746.0
007 t|
008 070214s1954 sp r ||||1| spa d
100 1 _aPorcel Lacuadra, Concepción.
_993115
245 1 0 _aLigeras nociones de historia de la taquigrafía /
_cConcepción Porcel Lacuadra.
250 _a5ª. ed.
260 _aMadrid :
_bHernando,
_c1954.
300 _a58 p., 16 lám. ;
_c22 cm.
852 _aES-MaACL
_j1974-F-9
_bR.36683
999 _c121484
_d121484